Golden Globe Movie Nominations (2015) Quiz Stats

 Plays Quiz Updated Jan 12, 2015

Challenge
Share
Tweet
Embed
Score 0/70 Timer 07:00
0 Plays Today
Hint Answer % Correct
Best ScreenplayAlejandro Gonzalez Inarritu, Nicolas Giacobone, Alexander Dinelaris Jr, and Armando Bo (Birdman)
66.4%
Best Original ScoreAntonio Sanchez (Birdman)
66.2%
Best Picture - Musical or ComedyBirdman
66.2%
Best ScreenplayGraham Moore (The Imitation Game)
65.6%
Best Original ScoreAlexandre Desplat (The Imitation Game)
62.8%
Best Picture - DramaThe Imitation Game
62.7%
Best Supporting ActressMeryl Streep (Into the Woods)
61.9%
Best Picture - Musical or ComedyInto the Woods
61.2%
Best Original ScoreJohann Johannsson (The Theory of Everything)
60.2%
Best Picture - DramaThe Theory of Everything
60.2%
Best ScreenplayRichard Linklater (Boyhood)
58.7%
Best Picture - DramaBoyhood
58.4%
Best Actor - DramaBenedict Cumberbatch (The Imitation Game)
57.3%
Best Actor - Musical or ComedyMichael Keaton (Birdman)
56.7%
Best Original Song'Glory' by John Legend and Common (Selma)
53.4%
Best Picture - DramaSelma
52.8%
Best ScreenplayWes Anderson (The Grand Budapest Hotel)
50%
Best Actor - DramaEddie Redmayne (The Theory of Everything)
49.8%
Best Picture - Musical or ComedyThe Grand Budapest Hotel
48.9%
Best Picture - DramaFoxcatcher
48.1%
Best Actress - DramaJulianne Moore (Still Alice)
44.9%
Best Actress - Musical or ComedyJulianne Moore (Maps to the Stars)
44.9%
Best Actor - DramaSteve Carell (Foxcatcher)
43.8%
Best Supporting ActressEmma Stone (Birdman)
43.6%
Best Actress - Musical or ComedyAmy Adams (Big Eyes)
43.1%
Best DirectorRichard Linklater (Boyhood)
42.1%
Best ScreenplayGillian Flynn (Gone Girl)
41.1%
Best Original ScoreTrent Reznor and Atticus Ross (Gone Girl)
41%
Best DirectorWes Anderson (The Grand Budapest Hotel)
40.3%
Best Actress - DramaFelicity Jones (The Theory of Everything)
39.7%
Best Supporting ActorEthan Hawke (Boyhood)
39.7%
Best Supporting ActressPatricia Arquette (Boyhood)
39.7%
Best Supporting ActorEdward Norton (Birdman)
39.3%
Best Actress - Musical or ComedyEmily Blunt (Into the Woods)
38.5%
Best Animated FilmThe Lego Movie
38.4%
Hint Answer % Correct
Best Supporting ActressKeira Knightley (The Imitation Game)
38.3%
Best Actress - DramaReese Witherspoon (Wild)
37.9%
Best Animated FilmBig Hero 6
35.9%
Best Actor - Musical or ComedyRalph Fiennes (The Grand Budapest Hotel)
35.9%
Best Supporting ActorMark Ruffalo (Foxcatcher)
35.8%
Best Animated FilmHow to Train Your Dragon 2
35.5%
Best Original Song'Big Eyes' by Lana Del Ray (Big Eyes)
35%
Best DirectorAlejandro Gonzalez Inarritu (Birdman)
34.9%
Best Original ScoreHans Zimmer (Interstellar)
34.4%
Best Supporting ActorJ. K. Simmons (Whiplash)
33.4%
Best Actress - DramaRosamund Pike (Gone Girl)
33.4%
Best Actress - DramaJennifer Aniston (Cake)
31.3%
Best Actor - DramaJake Gyllenhaal (Nightcrawler)
27.8%
Best Picture - Musical or ComedySt. Vincent
27.5%
Best Actor - Musical or ComedyBill Murray (St. Vincent)
27.3%
Best DirectorDavid Fincher (Gone Girl)
26.9%
Best Actor - Musical or ComedyChristoph Waltz (Big Eyes)
26.5%
Best Actor - DramaDavid Oyelowo (Selma)
24.6%
Best Animated FilmThe Boxtrolls
22%
Best Original Song'Yellow Flicker Beat' by Lorde (The Hunger Games: Mockingjay - Part 1)
21.2%
Best Supporting ActressJessica Chastain (A Most Violent Year)
20.5%
Best Foreign Language FilmIda (Poland/Denmark)
19.9%
Best Actor - Musical or ComedyJoaquin Phoenix (Inherent Vice)
19.8%
Best Picture - Musical or ComedyPride
19.6%
Best Supporting ActorRobert Duvall (The Judge)
19.5%
Best Original Song'Mercy Is' by Patti Smith and Lenny Kaye (Noah)
19.2%
Best DirectorAva DuVernay (Selma)
18.3%
Best Actress - Musical or ComedyHelen Mirren (The Hundred-Foot Journey)
17.9%
Best Original Song'Opportunity' by Greg Kurstin, Sia Furler, and Will Gluck (Annie)
17.9%
Best Actress - Musical or ComedyQuvenzhané Wallis (Annie)
17.3%
Best Foreign Language FilmLeviathan (Russia)
16.3%
Best Animated FilmThe Book of Life
16.1%
Best Foreign Language FilmForce Majeure (Sweden)
9.6%
Best Foreign Language FilmTangerines (Estonia)
9.4%
Best Foreign Language FilmGett: The Trial of Viviane Amsalem (Israel)
6%

You're not logged in!

Compare scores with friends on all Sporcle quizzes.
Join for Free
OR
Log In

You Might Also Like...

Show Comments

Extras

Top Quizzes Today


Score Distribution

Your Account Isn't Verified!

In order to create a playlist on Sporcle, you need to verify the email address you used during registration. Go to your Sporcle Settings to finish the process.

Report this User

Report this user for behavior that violates our Community Guidelines.

Details: